Rammstein-Feuer und Wasser Song Lyrics - Statistics

General Stats
  • This quiz has been taken 8 times
  • The average score is 150 of 240
Answer Stats
Answer % Correct
Brust
100%
schwimm
100%
sie
100%
Sie
100%
Da
80%
dem
80%
Feuer
80%
Flamme
80%
ich
80%
Ich
80%
im
80%
Im
80%
Ja
80%
kann
80%
Kann
80%
schwimmt
80%
sind
80%
steh
80%
und
80%
Und
80%
verbrannt
80%
versunken
80%
wär
80%
Wasser
80%
Wenn
80%
aus
60%
bin
60%
binden
60%
Dann
60%
das
60%
die
60%
Die
60%
Ein
60%
ein
60%
Flammen
60%
hinten
60%
hinterher
60%
ihr
60%
in
60%
In
60%
Licht
60%
man
60%
mich
60%
mit
60%
nackt
60%
Nicht
60%
nicht
60%
schwimmt
60%
sehen
60%
sich
60%
So
60%
von
60%
wären
60%
wie
60%
Zentrum
60%
zusammen
60%
an
40%
Beine
40%
bemerkt
40%
Blut
40%
Brüste
40%
dass
40%
denn
40%
der
40%
einfach
40%
Eis
40%
fest
40%
Feuerwerk
40%
Fisch
40%
Funken
40%
Glatt
40%
halt
40%
Händen
40%
heiß
40%
Hoffnung
40%
ist
40%
kalt
40%
keine
40%
kocht
40%
kommt
40%
leuchtet
40%
meinen
40%
nassen
40%
nie
40%
öffnen
40%
reizvoll
40%
Schatten
40%
Schenkeleck
40%
Scheren
40%
schön
40%
Schöne
40%
Schritt
40%
springt
40%
steht
40%
verschwenden
40%
versteck
40%
verwandt
40%
vorbei
40%
weiß
40%
will
40%
wird
40%
Zuversicht
40%
fließt
20%
Funkenstaub
20%
Lenden
20%
Mitte
20%
No matching quizzes found
Score Distribution
Percent of People with Each Score
Percentile by Number Answered
Your Score History
You have not taken this quiz